000 00595nam a2200169 4500
001 132077
003 ES-MaACL
005 20230906194112.0
007 t|
008 070214s1964 po r ||||1| spa d
100 1 _aRodríguez Sáinz, Alfonso
_998789
245 1 3 _aLa determinación y el tratamiento fiscal del beneficio de los negocios realizados en Brasil por empresas extranjeras /
_cAlfonso Rodríguez Sainz.
260 _aLisboa :
_b[s. n.],
_c1964 (
_fImp. Oficinas de E. N. P.)
300 _a117 p. ;
_c21 cm.
852 _aES-MaACL
_jC-27142
_bR.56224
999 _c132077
_d132077